| 000 | 00465nam a22001697a 4500 | ||
|---|---|---|---|
| 005 | 20240108122926.0 | ||
| 008 | 190427b xxu||||| |||| 00| 0 eng d | ||
| 020 | _a978-93-81595-02-2 | ||
| 041 | _aeng | ||
| 100 |
_aGOKHALE , S. B.,GOKHALE,DR. ALPANA.,AND NERKAR,P.P _98302 |
||
| 245 | _aTEXTBOOK OF DISPENSING AND COMMUNITY PHARMACY (IV ) | ||
| 250 | _a4 th , Ed. | ||
| 260 |
_aPUNE _bNIRALI PRAKASHAN |
||
| 300 | _aI.4 p, | ||
| 650 | _apharmacy | ||
| 942 | _cBK | ||
| 999 |
_c5832 _d5830 |
||